| Tag |
First Indicator |
Second Indicator |
Subfields |
| LEADER |
00000cam a22000001 4500 |
| 001 |
in00000056153 |
| 005 |
20151008052404.0 |
| 008 |
790713s1961 inu 00000 eng |
| 010 |
|
|
|a 61008085
|
| 035 |
|
|
|a (OCoLC)00176401
|
| 035 |
|
|
|9 AAH3106AM
|
| 040 |
|
|
|a DLC
|c DLC
|d TXA
|d UtOrBLW
|
| 043 |
|
|
|a n-us-va
|
| 049 |
|
|
|a TXAM
|c [331566]
|
| 050 |
0 |
0 |
|a LA379
|b .M8
|
| 082 |
0 |
|
|a 371.974
|
| 092 |
|
|
|a 371.974
|b M986v, 1961
|
| 100 |
1 |
|
|a Muse, Benjamin.
|
| 245 |
1 |
0 |
|a Virginia's massive resistance.
|
| 264 |
|
1 |
|a Bloomington :
|b Indiana University Press,
|c [1961]
|
| 300 |
|
|
|a 184 pages ;
|c 21 cm.
|
| 336 |
|
|
|a text
|b txt
|2 rdacontent
|
| 337 |
|
|
|a unmediated
|b n
|2 rdamedia
|
| 338 |
|
|
|a volume
|b nc
|2 rdacarrier
|
| 650 |
|
0 |
|a Education
|z Virginia.
|
| 650 |
|
0 |
|a Segregation in education.
|
| 999 |
|
|
|a MARS
|
| 999 |
f |
f |
|s ca2107de-99dc-3c8b-a23a-b4cf4907b4d9
|i 754a2e5a-ed60-3a32-9071-e62335d7b90e
|t 0
|
| 952 |
f |
f |
|p normal
|a Texas A&M University
|b College Station
|c Sterling C. Evans Library
|d Evans: Library Stacks
|t 0
|e LA379 .M8
|h Library of Congress classification
|i unmediated -- volume
|m A14800847873
|
| 998 |
f |
f |
|a LA379 .M8
|t 0
|l Evans: Library Stacks
|